Advances in electrochemical science and engineering (Record no. 64513)

000 -LEADER
fixed length control field 00477nam a22001817a 4500
003 - CONTROL NUMBER IDENTIFIER
control field NUST - PNEC
005 - DATE AND TIME OF LATEST TRANSACTION
control field 20170116180848.0
008 - FIXED-LENGTH DATA ELEMENTS--GENERAL INFORMATION
fixed length control field 150824b xxu||||| |||| 00| 0 eng d
020 ## - INTERNATIONAL STANDARD BOOK NUMBER
International Standard Book Number 1560811390
020 ## - INTERNATIONAL STANDARD BOOK NUMBER
International Standard Book Number 3527282734
040 ## - CATALOGING SOURCE
Transcribing agency LIBRARY
082 ## - DEWEY DECIMAL CLASSIFICATION NUMBER
Classification number 541.3 GER
100 ## - MAIN ENTRY--PERSONAL NAME
9 (RLIN) 5542
Personal name Gerischer, Heinz
245 ## - TITLE STATEMENT
Title Advances in electrochemical science and engineering
Statement of responsibility, etc. Heinz Gerischer
260 ## - PUBLICATION, DISTRIBUTION, ETC.
Date of publication, distribution, etc. c1992.
650 ## - SUBJECT ADDED ENTRY--TOPICAL TERM
9 (RLIN) 5546
Topical term or geographic name entry element Electrochemistry
General subdivision ME
942 ## - ADDED ENTRY ELEMENTS (KOHA)
Source of classification or shelving scheme
Koha item type Book
Holdings
Withdrawn status Lost status Source of classification or shelving scheme Damaged status Not for loan Permanent Location Current Location Shelving location Date acquired Total Checkouts Full call number Barcode Date last seen Price effective from Koha item type
          Pakistan Navy Engineering College (PNEC) Pakistan Navy Engineering College (PNEC)       541.3 GER PNECLIB-027109 08/24/2015   Book
© 2023 Central Library, National University of Sciences and Technology. All Rights Reserved.